[Event "Berlin Lieb Memorial 2nd"]
[Site "Berlin"]
[Date "2016.06.23"]
[Round "6"]
[White "Quetin, Alois"]
[Black "Kuehnemann, Gunnar"]
[Result "1/2-1/2"]
[WhiteElo "1742"]
[BlackElo "1749"]
[PlyCount "52"]
[EventDate "2016.05.19"]
[EventType "swiss"]
[EventRounds "7"]
[EventCountry "GER"]
[SourceTitle "EXT 2022"]
[Source "ChessBase"]
[SourceDate "2021.10.06"]
[SourceVersion "1"]
[SourceVersionDate "2021.10.06"]
[SourceQuality "1"]

1. e4 e6 2. d4 d5 3. Nd2 Nf6 4. e5 Nfd7 5. Bd3 c5 6. c3 Nc6 7. Ne2 cxd4 8. cxd4 f6 9. f4 fxe5 10. fxe5 Nxd4 11. Nxd4 Qh4+ 12. g3 Qxd4 13. Nf3 Qb6 14. Bf4 Nc5 15. Bc2 Be7 16. Be3 0-0 17. 0-0 Qd8 18. Kg2 Bd7 19. h4 Bb5 20. Re1 Bc6 21. Nd4 Qc7 22. Qh5 Ne4 23. Bxe4 dxe4 24. Nxe6 Qd7 25. Nxf8 Rxf8 26. Rf1 Rf3 1/2-1/2